Statistics for management / (Record no. 100250)

MARC details
000 -LEADER
fixed length control field 01168nam a22003137a 4500
005 - DATE AND TIME OF LATEST TRANSACTION
control field 20230112154911.0
010 ## - LCCN (DPL NO)
LC control number 1617EN ENG-115250 ENG-135979
020 ## - INTERNATIONAL STANDARD BOOK NUMBER
International Standard Book Number 9789385965630
Terms of availability 750.00
020 ## - INTERNATIONAL STANDARD BOOK NUMBER
Terms of availability 750.00
International Standard Book Number 9385965638
035 ## - SYSTEM CONTROL NUMBER
System control number B-654098-103
035 ## - SYSTEM CONTROL NUMBER
System control number EN-98782
035 ## - SYSTEM CONTROL NUMBER
System control number B-665170
035 ## - SYSTEM CONTROL NUMBER
System control number EN-119511
037 ## - SOURCE OF ACQUISITION
Source of stock number/acquisition ABC
037 ## - SOURCE OF ACQUISITION
Source of stock number/acquisition DBAD/PUB
082 ## - DEWEY DECIMAL CLASSIFICATION NUMBER
Classification number 519.5024658
100 ## - MAIN ENTRY--PERSONAL NAME
Personal name Srivastava,T.N .
245 ## - TITLE STATEMENT
Title Statistics for management /
Statement of responsibility, etc by T.N. Srivastava [and] Shailaja Rego
246 ## - VARYING FORM OF TITLE
Title proper/short title
250 ## - EDITION STATEMENT
Edition statement 3rd ed
260 ## - PUBLICATION, DISTRIBUTION, ETC. (IMPRINT)
Place of publication, distribution, etc New Delhi
Name of publisher, distributor, etc McGraw Hill Education
Date of publication, distribution, etc 2016
270 ## - ADDRESS
Address P-24,Green Park Ext.
City New Delhi
Postal code 110016
300 ## - PHYSICAL DESCRIPTION
Extent xxvi,743p.
Other physical details ill.
Dimensions 28cm(ppk)
500 ## - GENERAL NOTE
General note Includes index
700 ## - ADDED ENTRY--PERSONAL NAME
Personal name Rego,Shailaja
942 ## - ADDED ENTRY ELEMENTS (KOHA)
Source of classification or shelving scheme Dewey Decimal Classification
Item type English Books
Call number suffix SRI
Classification part 519.5024658
Holdings
Withdrawn status Lost status Not for loan Collection code Home library Current library Date acquired Source of acquisition Cost, normal purchase price Full call number Barcode Copy number Cost, replacement price Koha item type
      Non-fiction Ashok Vihar Ashok Vihar 11/05/2017 BPPD/EN/2016-17/AV/16-17/452/15.2.2017/5058/28.2.2017/ 7.3.2017 750.00 519.5024658 SRI B-665170 1 750.00 English Books
      Non-fiction Bawana Bawana 12/01/2023 DBAD/PUB 750.00 519.5024658 SRI EN-119511 1 750.00 English Books
      Non-fiction Central Library Central Library 16/02/2017 BPPD/EN/2016-17/286/24.11.2016/4996/3.12.2016/4.1.2017 750.00 519.5024658 SRI B-654098 1 750.00 English Books
    Not For Loan Non-fiction D.B.Act.Division D.B.Act.Division 09/06/2016 DBAD/PUB 750.00 519.5024658 SRI EN-98782 1 750.00 English Books
      Non-fiction Janak Puri Janak Puri 16/02/2017 BPPD/EN/2016-17/286/24.11.2016/4996/3.12.2016/4.1.2017 750.00 519.5024658 SRI B-654100 1 750.00 English Books
      Non-fiction Karol Bagh Karol Bagh 16/02/2017 BPPD/EN/2016-17/286/24.11.2016/4996/3.12.2016/4.1.2017 750.00 519.5024658 SRI B-654102 1 750.00 English Books
      Non-fiction Patel Nagar Patel Nagar 16/02/2017 BPPD/EN/2016-17/286/24.11.2016/4996/3.12.2016/4.1.2017 750.00 519.5024658 SRI B-654099 1 750.00 English Books
      Non-fiction Sarojini Nagar Sarojini Nagar 16/02/2017 BPPD/EN/2016-17/286/24.11.2016/4996/3.12.2016/4.1.2017 750.00 519.5024658 SRI B-654101 1 750.00 English Books
      Non-fiction Shahdara Branch Shahdara Branch 16/02/2017 BPPD/EN/2016-17/286/24.11.2016/4996/3.12.2016/4.1.2017 750.00 519.5024658 SRI B-654103 1 750.00 English Books

© Delhi Public Library
Hit Counter
free hit counter